000 00406nmm a2200157Ia 4500
008 251105s9999||||xx |||||||||||||||||und||
041 _aspa
100 _aCornick, Nicola
245 0 _aDeseada
264 _a[Madrid, España] :
_bHarlequin,
_c2012
300 _a320 páginas
490 _a'Alta sociedad'
650 _aRomance
856 _uhttps://public.digitaliapublishing.com/a/50307
942 _cCF
999 _c98363
_d98363